000
00300nam a22001337a 4500
008
180125b xxu||||| |||| 00| 0 eng d
020
_a
071549055202
041
_a
eng
080
_a
574
100
_a
9
101
_a
MJE
245
_a
All about growing fruits& berries
_c
Kirkman,W
942
_2
udc
_c
BK
999
_c
40970
_d
40970